Statistics for Civ 5 Arabian Cities

Click here to take the quiz!

General Stats

  • This quiz has been taken 15 times
  • The average score is 11 of 36

Answer Stats

Shared?City% Correct
Baghdad
100%
Damascus
91%
Mecca
91%
Medina
82%
Sana'a
82%
Basra
73%
Mosul
73%
Muscat
73%
Tripoli
64%
Aden
55%
Tunis
55%
*Fez
45%
*Marrakech
45%
Algiers
36%
*Casablanca
27%
Oran
27%
Taif
18%
*Tangier
18%
Hama
9%
Kufah
9%
Najran
9%
Tabuk
9%
Anjar
0%
Aydab
0%
Balkh
0%
Bayt Ras
0%
Bukhara
0%
Fustat
0%
Kairouan
0%
Khurasan
0%
Mansura
0%
Merw
0%
Shihir
0%
Shiraz
0%
Suhar
0%
Yamama
0%

Score Distribution

Percentile by Number Answered

Percent of People with Each Score

Your Score History

You have not taken this quiz